000 00854nam a2200289 i 4500
001 000016294
003 DO-SdBNP
005 20250321090750.0
007 ta
008 100303s2000 dr 001 0 spa d
020 _a9993400777
040 _aDO-SdBNP
_bspa
_cBNPHU
_erda
049 _aBNPD
082 4 _axxx
_bT27a
_222
100 1 _aTemístocles Roa, Carlos,
_eautor
_4aut.
_936383
245 1 0 _aAprenda español /
_cCarlos Temístocles Roa
250 _atercera edición
264 1 _aSanto Domingo :
_bBanco de Reservas,
_c2000.
300 _a260 páginas ;
_c21 cm.
336 _atexto
_btxt
_2rdacontent
337 _asin mediación
_bn
_2rdamedia
338 _avolumen
_bnc
_2rdacarrier
500 _aIncluye datos biográficos del autor.
504 _aBibliografía : páginas 261
590 _aInventariado, 2024/BT
942 _2ddc
_cLBS1
999 _c15829
_d15829